| 000 | 00604nam a2200205Ia 4500 | ||
|---|---|---|---|
| 003 | GCL | ||
| 008 | 140319s9999 xx 000 0 ara d | ||
| 040 |
_aGCL / _cGCL |
||
| 082 | 0 | 4 |
_a338.01 _bك ت |
| 100 | 1 | _aكمال حمدى ابوالخير | |
| 245 | 1 | 0 |
_aتاريخ رواد روتشريل / _cكمال حمدى ابوالخير |
| 300 | _a344 ص | ||
| 490 |
_aسلسلة رواد التعاون _v0 |
||
| 650 | 0 | 4 | _aالاقتصاد |
| 650 | 0 | 4 | _aالصناعة |
| 650 | 0 | 4 | _aالانتاج |
| 650 | 0 | 4 | _aالانتاج الصناعى |
| 650 | 0 | 4 | _aالاقتصاديون |
| 942 |
_2ddc _cBK |
||
| 999 |
_c50283 _d50283 |
||